MARC

LEADER 00000nam0a2200000 4500
001 375078
005 20250826094001.0
035 |a (RuTPU)RU\TPU\retro\32513 
035 |a RU\TPU\book\314439 
090 |a 375078 
100 |a 20221220d1990 m y0rusy50 ca 
101 0 |a rus 
102 |a RU 
105 |a a z 000zy 
200 1 |a Вечная гармония  |f А. Тарасов 
210 |a Севастополь  |c Контракт  |d 1990 
215 |a 80 с.  |c ил. 
333 |a Исключено из фонда НТБ ТПУ 
606 1 |a Гимнастика  |2 stltpush  |3 (RuTPU)RU\TPU\subj\7191  |9 34902 
610 1 |a спортивная литература 
610 1 |a восточные единоборства 
610 1 |a оздоровительная гимнастика 
610 1 |a китайская философия 
610 1 |a цигун 
610 1 |a ушу 
675 |a 796.41  |v 4 
700 1 |a Тарасов  |b А.  |g Анатолий  |4 070 
801 1 |a RU  |b 63413507  |c 20150403 
801 2 |a RU  |b 63413507  |c 20221220  |g RCR 
942 |c BK